<?xml version="1.0" encoding="UTF-8"?>
<record
    xmlns:xsi="http://www.w3.org/2001/XMLSchema-instance"
    xsi:schemaLocation="http://www.loc.gov/MARC21/slim http://www.loc.gov/standards/marcxml/schema/MARC21slim.xsd"
    xmlns="http://www.loc.gov/MARC21/slim">

  <leader>00342nam a22001217a 4500</leader>
  <datafield tag="020" ind1=" " ind2=" ">
    <subfield code="a">9780199593583</subfield>
  </datafield>
  <datafield tag="082" ind1=" " ind2=" ">
    <subfield code="2">22</subfield>
    <subfield code="a">658.5</subfield>
  </datafield>
  <datafield tag="100" ind1=" " ind2=" ">
    <subfield code="a">Jones, Peter and Robinson, Peter.</subfield>
  </datafield>
  <datafield tag="245" ind1=" " ind2=" ">
    <subfield code="a">Operations management /</subfield>
  </datafield>
  <datafield tag="260" ind1=" " ind2=" ">
    <subfield code="a">United Kingdom,</subfield>
    <subfield code="b">Oxford Universities Press,</subfield>
    <subfield code="c">c2012.</subfield>
  </datafield>
  <datafield tag="300" ind1=" " ind2=" ">
    <subfield code="a">xxix, 463 p. ;</subfield>
    <subfield code="b">ill. ;</subfield>
    <subfield code="c">26.5 cm. </subfield>
  </datafield>
  <datafield tag="942" ind1=" " ind2=" ">
    <subfield code="2">ddc</subfield>
    <subfield code="c">MAG</subfield>
  </datafield>
  <datafield tag="999" ind1=" " ind2=" ">
    <subfield code="c">4293</subfield>
    <subfield code="d">4293</subfield>
  </datafield>
  <datafield tag="952" ind1=" " ind2=" ">
    <subfield code="0">0</subfield>
    <subfield code="1">0</subfield>
    <subfield code="2">ddc</subfield>
    <subfield code="4">0</subfield>
    <subfield code="7">1</subfield>
    <subfield code="8">REF</subfield>
    <subfield code="a">LIB001</subfield>
    <subfield code="b">LIB001</subfield>
    <subfield code="d">2014-07-25</subfield>
    <subfield code="g">1195.00</subfield>
    <subfield code="l">0</subfield>
    <subfield code="o">658.5</subfield>
    <subfield code="p">39672</subfield>
    <subfield code="r">2014-07-25 00:00:00</subfield>
    <subfield code="t">1</subfield>
    <subfield code="v">2440.00</subfield>
    <subfield code="w">2014-07-25</subfield>
    <subfield code="y">MAG</subfield>
  </datafield>
  <datafield tag="952" ind1=" " ind2=" ">
    <subfield code="0">0</subfield>
    <subfield code="1">0</subfield>
    <subfield code="2">ddc</subfield>
    <subfield code="4">0</subfield>
    <subfield code="7">0</subfield>
    <subfield code="8">NFIC</subfield>
    <subfield code="a">LIB001</subfield>
    <subfield code="b">LIB001</subfield>
    <subfield code="d">2014-07-25</subfield>
    <subfield code="g">1195.00</subfield>
    <subfield code="l">0</subfield>
    <subfield code="o">658.5</subfield>
    <subfield code="p">39673</subfield>
    <subfield code="r">2014-07-25 00:00:00</subfield>
    <subfield code="t">1</subfield>
    <subfield code="v">2440.00</subfield>
    <subfield code="w">2014-07-25</subfield>
    <subfield code="y">MAG</subfield>
  </datafield>
  <datafield tag="952" ind1=" " ind2=" ">
    <subfield code="0">0</subfield>
    <subfield code="1">0</subfield>
    <subfield code="2">ddc</subfield>
    <subfield code="4">0</subfield>
    <subfield code="7">0</subfield>
    <subfield code="8">NFIC</subfield>
    <subfield code="a">LIB001</subfield>
    <subfield code="b">LIB001</subfield>
    <subfield code="d">2014-07-25</subfield>
    <subfield code="g">1195.00</subfield>
    <subfield code="l">0</subfield>
    <subfield code="o">658.5</subfield>
    <subfield code="p">39674</subfield>
    <subfield code="r">2014-07-25 00:00:00</subfield>
    <subfield code="t">1</subfield>
    <subfield code="v">2440.00</subfield>
    <subfield code="w">2014-07-25</subfield>
    <subfield code="y">MAG</subfield>
  </datafield>
  <datafield tag="952" ind1=" " ind2=" ">
    <subfield code="0">0</subfield>
    <subfield code="1">0</subfield>
    <subfield code="2">ddc</subfield>
    <subfield code="4">0</subfield>
    <subfield code="7">0</subfield>
    <subfield code="8">NFIC</subfield>
    <subfield code="a">LIB001</subfield>
    <subfield code="b">LIB001</subfield>
    <subfield code="d">2014-07-25</subfield>
    <subfield code="g">1195.00</subfield>
    <subfield code="l">1</subfield>
    <subfield code="m">2</subfield>
    <subfield code="o">658.5</subfield>
    <subfield code="p">39675</subfield>
    <subfield code="r">2021-05-22 00:00:00</subfield>
    <subfield code="s">2021-03-16</subfield>
    <subfield code="t">1</subfield>
    <subfield code="v">2440.00</subfield>
    <subfield code="w">2014-07-25</subfield>
    <subfield code="y">MAG</subfield>
  </datafield>
  <datafield tag="952" ind1=" " ind2=" ">
    <subfield code="0">0</subfield>
    <subfield code="1">0</subfield>
    <subfield code="2">ddc</subfield>
    <subfield code="4">0</subfield>
    <subfield code="7">0</subfield>
    <subfield code="8">NFIC</subfield>
    <subfield code="a">LIB001</subfield>
    <subfield code="b">LIB001</subfield>
    <subfield code="d">2014-07-25</subfield>
    <subfield code="g">1195.00</subfield>
    <subfield code="l">0</subfield>
    <subfield code="o">658.5</subfield>
    <subfield code="p">39676</subfield>
    <subfield code="r">2014-07-25 00:00:00</subfield>
    <subfield code="t">1</subfield>
    <subfield code="v">2440.00</subfield>
    <subfield code="w">2014-07-25</subfield>
    <subfield code="y">MAG</subfield>
  </datafield>
</record>
